000 00333nam a2200133 4500
005 20260530113908.0
100 1 _aArco Editorial Barcelona
_933033
245 1 0 _aMinimalism
264 1 _bFeierabend Loft
_c2003
300 _a850 páginas
336 _atexto
_2rdacontent
337 _asin medio
_2rdamedia
338 _avolumen
_2rdacarrier
999 _c12029
_d12029